Educar sin miedo : (Record no. 189982)
[ view plain ]
| 000 -CABECERA | |
|---|---|
| campo de control de longitud fija | 00755nam a2200217 a 4500 |
| 005 - FECHA Y HORA DE LA ÚLTIMA TRANSACCIÓN | |
| campo de control | 20240606063712.0 |
| 008 - ELEMENTOS DE LONGITUD FIJA--INFORMACIÓN GENERAL | |
| campo de control de longitud fija | 170518s2014 mx r 000 0 spa d |
| 020 ## - NÚMERO INTERNACIONAL NORMALIZADO PARA LIBROS | |
| Número Internacional Estándar del Libro | 9789876671088 |
| 035 ## - NÚMERO DE CONTROL DEL SISTEMA | |
| Número de control de sistema | UPN01000217882 |
| 049 ## - COLECCIÓN | |
| Colección | CG |
| 050 #4 - SIGNATURA TOPOGRÁFICA DE LA BIBLIOTECA DEL CONGRESO | |
| Número de clasificación | HF5549.5 E4.3 |
| Número de documento/Ítem | C3.3 |
| 100 1# - ASIENTO PRINCIPAL--NOMBRE PERSONAL | |
| Nombre de persona | Castro Santander, Alejandro, |
| Fechas asociadas al nombre | 1954- |
| 9 (RLIN) | 33555 |
| 245 10 - MENCIÓN DE TÍTULO | |
| Título | Educar sin miedo : |
| Resto del título | claves para prevenir el mobbing y otros riesgos psicosociales / |
| Mención de responsabilidad, etc. | Alejandro Castro Santander, Cristina Reta Bravo. |
| 260 ## - PUBLICACIÓN, DISTRIBUCIÓN, ETC. | |
| Lugar de publicación, distribución, etc. | Buenos Aires : |
| Nombre del editor, distribuidor, etc. | Bonum, |
| Fecha de publicación, distribución, etc. | 2014. |
| 300 ## - DESCRIPCIÓN FÍSICA | |
| Extensión | 239 p. : |
| Otras características físicas | il. |
| 650 #4 - ASIENTO SECUNDARIO DE MATERIA - TERMINO TEMATICO | |
| Término de materia o nombre geográfico como elemento de entrada | Acoso en el lugar de trabajo |
| 9 (RLIN) | 10707 |
| 650 #2 - ASIENTO SECUNDARIO DE MATERIA - TERMINO TEMATICO | |
| Término de materia o nombre geográfico como elemento de entrada | Estrés laboral |
| 9 (RLIN) | 13133 |
| 650 #4 - ASIENTO SECUNDARIO DE MATERIA - TERMINO TEMATICO | |
| Término de materia o nombre geográfico como elemento de entrada | Violencia en el lugar de trabajo |
| 9 (RLIN) | 22530 |
| 700 1# - ASIENTO SECUNDARIO--NOMBRE DE PERSONAL | |
| Nombre de persona | Reta Bravo, Cristina, |
| Término indicativo de función/relación | coaut. |
| 905 ## - TIPO DE MATERIAL | |
| Tipo de material | Libro |
| Estado de retiro | Estado de pérdida | Fuente del sistema de clasificación o colocación | Estado dañado | No para préstamo | Código de colección | Localización permanente | Ubicación/localización actual | Ubicación en estantería | Total de préstamos | Clasificación | Código de barras | Fecha visto por última vez | Número de copia | Tipo de ítem Koha |
|---|---|---|---|---|---|---|---|---|---|---|---|---|---|---|
| Library of Congress Classification | Colección General | Bib. Gregorio Torres Quintero | Bib. Gregorio Torres Quintero | Planta baja | 2 | HF5549.5 E4.3 C3.3 | 318335 | 31/12/2020 | 1 | Libro |
